=LDR 00000nam 2200000 4500 =001 INLIS000000000015464 =005 20130612110737 =008 ***********************************Indo** =035 ##$$0010-061300000015464 =041 ##$$a Indo =082 ##$$a R.305.895.980 3 =090 ##$$a R.305.895.980 3, Hid =100 ##$$a Hidayah Zulyani =245 ##$$a Ensiklopedi Suku Bangsa Di Indonesia, Zulyani Hidayah =260 ##$$a 1997 $b Jakarta =300 ##$$a xxvii 302 hlm, ilus, 24 cm =650 ##$$a Suku Indonesia-Ensiklopedi =850 ##$$a NBPNMAT